000 00640nam a2200229 a 4500
001 70234
003 BD-RjUL
005 20211209081958.0
008 170416s1966 maua 001 0 eng d
035 _a(BD-RjUL)70448
040 _aLC
_beng
_cLC
_dBD-RjUL
041 _aeng
082 0 4 _223
_a512
_bOHC 1966
100 1 _aOhmer, Merlin M.
_9207117
245 1 0 _aCollege algebra /
_cMerlin M. Ohmer and Clayton V. Aucoin
260 _aMassachusetts :
_bBlaisdell,
_cc1966.
300 _ax, 320 p. :
_bill. ;
_c24 cm.
500 _aIncludes index
650 0 _aAlgebra.
_9208004
700 1 _aAucoin, Clayton V.
_9207119
942 _2ddc
_cBK
999 _c70234
_d70234